000 00311nam a22001457a 4500
008 221201b ||||| |||| 00| 0 eng d
020 _a9781587653841
041 _aeng
080 _2VOLUME II
_a61
082 _a61
100 _a4
101 _aMJK
245 _aMEDICAL GUIDE +
_cMAGILL'S
942 _2udc
_cBK
999 _c59063
_d59063